| 000 | 00492nam a2200169Ia 4500 | ||
|---|---|---|---|
| 008 | 140316s9999 xx 000 0 und d | ||
| 020 | _a1 942850 19 x | ||
| 082 |
_a631.584 _bMCR/TO |
||
| 100 | _a | ||
| 245 | _aTools for organic farming : A manual of appropriate equipment and treatment | ||
| 260 |
_aNew York _bIntermediate technology publications _c1990 |
||
| 300 | _a77 | ||
| 650 | _aCrop protection | ||
| 650 | _aintercultivation | ||
| 700 | _aMC Robie,Georgeet al. | ||
| 942 |
_2ddc _cBK |
||
| 999 |
_c3386 _d3386 |
||